Measure Theory for Analysis and Probability (Record no. 9615)

MARC details
000 -LEADER
fixed length control field 00538nam a22002057a 4500
003 - CONTROL NUMBER IDENTIFIER
control field OSt
005 - DATE AND TIME OF LATEST TRANSACTION
control field 20260330172443.0
008 - FIXED-LENGTH DATA ELEMENTS--GENERAL INFORMATION
fixed length control field 260330b |||||||| |||| 00| 0 eng d
020 ## - INTERNATIONAL STANDARD BOOK NUMBER
International Standard Book Number 9789819779284
040 ## - CATALOGING SOURCE
Transcribing agency DDC
082 ## - DEWEY DECIMAL CLASSIFICATION NUMBER
Classification number 515 GOS 2025
100 ## - MAIN ENTRY--PERSONAL NAME
Personal name Goswami, Alok; Rao, B.V.
9 (RLIN) 19557
245 ## - TITLE STATEMENT
Title Measure Theory for Analysis and Probability
260 ## - PUBLICATION, DISTRIBUTION, ETC. (IMPRINT)
Place of publication, distribution, etc. Singapore; Springer, 2025
300 ## - PHYSICAL DESCRIPTION
Extent 383p.; ill: 24cm
504 ## - BIBLIOGRAPHY, ETC. NOTE
Bibliography, etc Index included
650 ## - SUBJECT ADDED ENTRY--TOPICAL TERM
Topical term or geographic name as entry element Analysis
9 (RLIN) 3796
650 ## - SUBJECT ADDED ENTRY--TOPICAL TERM
Topical term or geographic name as entry element Probability
9 (RLIN) 1273
942 ## - ADDED ENTRY ELEMENTS (KOHA)
Source of classification or shelving scheme Dewey Decimal Classification
Koha item type Open Shelf
Holdings
Withdrawn status Lost status Source of classification or shelving scheme Damaged status Not for loan Home library Current library Date acquired Source of acquisition Inventory number Total Checkouts Full call number Barcode Date last seen Koha item type
    Dewey Decimal Classification     MUST Main Library MUST Main Library 30/03/2026 Purchase 26/42548   515 GOS 2025 2026-0066 30/03/2026 Open Shelf
    Dewey Decimal Classification     MUST Main Library MUST Main Library 30/03/2026 Purchase 26/42567   515 GOS 2025 2026-0067 30/03/2026 Open Shelf